| 000 | 02193nam a2200385Ii 4500 | ||
|---|---|---|---|
| 001 | DIGUNINOR0096 | ||
| 003 | NyNyDIG | ||
| 006 | m o d | ||
| 007 | cr ||||||||||| | ||
| 008 | 140301s2013 ck ob 000 0 spa d | ||
| 020 |
_a9789587413250 _q(eBook) |
||
| 020 | _z9789587413243 | ||
| 020 | _z9587413245 | ||
| 035 | _a(OCoLC)872115955 | ||
| 040 |
_aDGITA _beng _epn _cDGITA |
||
| 050 | 1 | 4 | _aPC4143 eBook |
| 100 | 1 | _aMoreno Castrillón, Francisco. | |
| 245 | 1 | 0 |
_aGramática y ortografía al día : _bguía con las principales novedades de la Real Academia Española / _cFrancisco Moreno Castrillón. |
| 250 | _a1. ed. | ||
| 264 | 1 |
_aBarranquilla, Colombia : _bEditorial Universidad del Norte, _c2013. |
|
| 300 | _a1 online resource (viii, 191 pages) | ||
| 336 |
_atext _btxt _2rdacontent |
||
| 337 |
_acomputer _bc _2rdamedia |
||
| 338 |
_aonline resource _bcr _2rdacarrier |
||
| 504 | _aIncludes bibliographical references (p. 191). | ||
| 505 | 0 | _a1. Algunas custiones gramaticales -- 2. Acentuación -- 3. Uso de las letras minúsculas y mayúsculas -- 4. Uso de los signos ortográficos -- Anexos -- Soluciones de algunos ejercicios. | |
| 520 | _aEn la última década, la Real Academia Española (RAE) y la Asociación de Academias de la Lengua Española han publicado tres obras fundamentales: Diccionario panhispánico de dudas (2005), Nueva gramática de la lengua española (2009) y Ortografía de la lengua española (2010). Con base en el contenido de estas obras, el autor emprendió la tarea de escribir este libro y presentar de manera didáctica, clara, sencilla y resumida algunas de las normas que más dificultades tienen para los hablantes de español. Como complemento, este libro-guía acompaña cada parte teórica con talleres de aplicación para fijar el conocimiento de los lectores.. | ||
| 650 | 0 |
_aSpanish language _xOrthography and spelling. |
|
| 655 | 0 | _aElectronic books. | |
| 791 | 2 |
_aDigitalia (Firm), _edistributor. |
|
| 793 | 0 |
_gDigitalia eBook Collection: _aEdiciones Uninorte. |
|
| 856 | 4 | 0 |
_3Digitalia Hispánica _uhttps://www.digitaliapublishing.com/a/21254/ |
| 910 | _aPremium Collection: 2007-2012 | ||
| 942 | _cRAA | ||
| 999 |
_c237351 _d237351 |
||